[Event "Scandinavian open 2008"]
[Site "Valby"]
[Date "2008.03.29"]
[Round "1"]
[White "Bejtovic, Jasmin"]
[Black "Smith, Axel"]
[Result "0-1"]
[WhiteElo "2353"]
[BlackElo "2458"]
[PlyCount "112"]
[EventDate "2008.03.29"]


1. e4 e5 2. Nf3 Nc6 3. d4 exd4 4. Nxd4 Nf6 5. Nxc6 bxc6 6. e5 Qe7 7. Qe2 Nd5 8.
c4 Ba6 9. g3 g6 10. b3 Bg7 11. Bb2 O-O-O 12. Nd2 Nb4 13. Nf3 c5 14. Bg2 Bb7 15.
O-O f6 16. Rfe1 Rhe8 17. Qd2 fxe5 18. Nxe5 Qd6 19. Bxb7+ Kxb7 20. Qf4 Bxe5 21.
Rxe5 Nc6 22. Re4 Qxf4 23. Rxf4 Re2 24. Bg7 Rde8 25. Kf1 d6 26. Bh6 Rb2 27. Rf7
Ree2 28. Be3 h5 29. Rd1 Ne5 30. Re7 Ng4 31. Rxd6 Nxe3+ 32. fxe3 Rf2+ 33. Kg1
Rg2+ 34. Kh1 Rxh2+ 35. Kg1 Rhg2+ 36. Kh1 Rh2+ 37. Kg1 Rbg2+ 38. Kf1 Rc2 39. Kg1
Rcg2+ 40. Kf1 Rxa2 41. Kg1 Rag2+ 42. Kf1 Ra2 43. Kg1 Rag2+ 44. Kf1 Rb2 45. Kg1
Rhg2+ 46. Kh1 Rh2+ 47. Kg1 Rhc2 48. Rf6 Rxb3 49. Rff7 Rb1+ 50. Rf1 Rxf1+ 51.
Kxf1 a5 52. Re5 a4 53. Rxc5 a3 54. Rb5+ Kc6 55. Rg5 a2 56. Rxg6+ Kb7 0-1

[Event "Scandinavian open 2008"]
[Site "Valby"]
[Date "2008.03.29"]
[Round "1"]
[White "Brynell, Stellan"]
[Black "Thorfinnsson, Bjorn"]
[Result "0-1"]
[WhiteElo "2463"]
[BlackElo "2364"]
[PlyCount "64"]
[EventDate "2008.03.29"]


1. e4 e5 2. Nf3 Nc6 3. Bb5 a6 4. Bxc6 dxc6 5. O-O Qd6 6. d4 f6 7. dxe5 fxe5 8.
Nbd2 b5 9. a4 Nf6 10. b3 Bg4 11. Ba3 Qe6 12. Bxf8 Rxf8 13. Qe1 Nh5 14. Qe3 Nf4
15. Nh4 Rd8 16. Nf5 Qg6 17. g3 Nh3+ 18. Kg2 Ng5 19. Nh4 Qh5 20. Rfe1 Rxd2 21.
Qxd2 Nf3 22. Qc3 g5 23. Red1 gxh4 24. Qxc6+ Kf7 25. Qxc7+ Kg8 26. Rd8 Bh3+ 27.
Kh1 Nd4 28. g4 Bg2+ 29. Kg1 Qxg4 30. Rxf8+ Kxf8 31. Qd6+ Kf7 32. Qd5+ Ne6 0-1

[Event "Scandinavian open 2008"]
[Site "Valby"]
[Date "2008.03.29"]
[Round "1"]
[White "Lund, Silas"]
[Black "Thorgeirsson, Sverrir"]
[Result "1/2-1/2"]
[WhiteElo "2403"]
[BlackElo "2120"]
[PlyCount "65"]
[EventDate "2008.03.29"]


1. d4 d5 2. c4 c6 3. Nf3 Nf6 4. e3 e6 5. Bd3 dxc4 6. Bxc4 b5 7. Bd3 a6 8. a4
Bb7 9. O-O Nbd7 10. Qe2 Bd6 11. Nbd2 O-O 12. Ng5 c5 13. Nde4 Nxe4 14. Nxe4 Bxe4
15. Bxe4 Qh4 16. f4 Rab8 17. axb5 axb5 18. Ra6 Qe7 19. Ra7 Qd8 20. Rd1 cxd4 21.
Bxh7+ Kxh7 22. Rxd4 Ra8 23. Rxa8 Qxa8 24. Rxd6 Nf6 25. Qxb5 Rc8 26. Rd1 Qe4 27.
Qe2 Nd5 28. Kf2 Rc2 29. Bd2 Rxb2 30. Qf3 Qd3 31. Ke1 Qc2 32. e4 Nf6 33. Bc3
1/2-1/2

[Event "Scandinavian open 2008"]
[Site "Valby"]
[Date "2008.03.29"]
[Round "1"]
[White "Mikkelsen, Nikolaj"]
[Black "Danielsen, Henrik"]
[Result "1-0"]
[WhiteElo "2390"]
[BlackElo "2506"]
[PlyCount "53"]
[EventDate "2008.03.29"]


1. e4 e6 2. d4 d5 3. Nc3 Nf6 4. e5 Nfd7 5. f4 c5 6. Nf3 Nc6 7. Be3 a6 8. Qd2 b5
9. a3 Bb7 10. Ne2 Be7 11. Ng3 O-O 12. Be2 f6 13. O-O fxe5 14. fxe5 Rxf3 15.
Bxf3 cxd4 16. Bf4 Ndxe5 17. Rae1 Nc4 18. Qe2 e5 19. Nf5 Bc5 20. Bxd5+ Qxd5 21.
Qg4 Bf8 22. Nh6+ Kh8 23. Bg5 Nd6 24. Re2 Be7 25. Ref2 gxh6 26. Rf8+ Qg8 27.
Bf6+ 1-0

[Event "Scandinavian open 2008"]
[Site "Valby"]
[Date "2008.03.29"]
[Round "1"]
[White "Pedersen, Daniel Vesterbaek"]
[Black "Hoi, Carsten"]
[Result "1/2-1/2"]
[WhiteElo "2258"]
[BlackElo "2404"]
[PlyCount "55"]
[EventDate "2008.03.29"]


1. e4 g6 2. d4 Bg7 3. Nc3 c6 4. h3 d5 5. Nf3 Nh6 6. Bd3 O-O 7. O-O f6 8. exd5
cxd5 9. Ne2 Nc6 10. c4 Nb4 11. cxd5 Nxd3 12. Qxd3 Qxd5 13. Nf4 Qf7 14. d5 g5
15. Ne6 Bxe6 16. dxe6 Qxe6 17. Qb5 Rab8 18. Re1 Qf7 19. Qc5 e5 20. Qxa7 Nf5 21.
a4 Rfd8 22. a5 Qd5 23. Qb6 e4 24. Nd2 Nd4 25. Nf3 Nf5 26. Nd2 Nd4 27. Rxe4 f5
28. Re7 1/2-1/2

[Event "Scandinavian open 2008"]
[Site "Valby"]
[Date "2008.03.29"]
[Round "1"]
[White "Schandorff, Lars"]
[Black "Vaznonis, Vytautas"]
[Result "1-0"]
[WhiteElo "2526"]
[BlackElo "2399"]
[PlyCount "137"]
[EventDate "2008.03.29"]


1. d4 d5 2. c4 c6 3. Nf3 Nf6 4. e3 Bf5 5. Nc3 e6 6. Nh4 Bg6 7. Be2 Nbd7 8. O-O
Bd6 9. g3 O-O 10. Nxg6 hxg6 11. Qb3 Qc7 12. Rd1 a6 13. Qc2 dxc4 14. Bxc4 c5 15.
dxc5 Nxc5 16. Bd2 Rac8 17. Rac1 Qb8 18. a4 Be5 19. Be1 Bxc3 20. Bxc3 Nxa4 21.
Qxa4 b5 22. Qxa6 Rxc4 23. b3 Rc7 24. Bxf6 Ra7 25. Qc6 gxf6 26. Rc5 Rb7 27. Rd4
Rb6 28. Qc7 Rb7 29. Qc6 Rb6 30. Qf3 Kg7 31. Rd7 Rd8 32. Qd1 Rxd7 33. Qxd7 Rb7
34. Qc6 Rb6 35. Qc7 Qb7 36. Qxb7 Rxb7 37. Kf1 Kf8 38. Ke2 Ke7 39. h4 Kd6 40. b4
f5 41. Kf3 e5 42. g4 fxg4+ 43. Kxg4 Rb8 44. Kg5 Ke6 45. Kg4 Kd6 46. f4 exf4 47.
exf4 Ke6 48. Re5+ Kd6 49. h5 f6 50. Rc5 gxh5+ 51. Rxh5 Ke6 52. Rc5 Rb7 53. Kf3
Ra7 54. Ke4 Ra1 55. Rc6+ Kd7 56. Rb6 Rb1 57. Rxb5 Kc6 58. Rc5+ Kd6 59. Rc4 Ke6
60. Rc6+ Kd7 61. Rb6 Kc7 62. Rb5 Kc6 63. Rc5+ Kd6 64. Rd5+ Kc6 65. Rd4 Rh1 66.
Kf5 Rh6 67. Ke6 Kb5 68. f5 Kc6 69. Kf7 1-0

[Event "Scandinavian open 2008"]
[Site "Valby"]
[Date "2008.03.29"]
[Round "1"]
[White "Thorfinnsson, Bragi"]
[Black "Semcesen, Daniel"]
[Result "1/2-1/2"]
[WhiteElo "2406"]
[BlackElo "2349"]
[PlyCount "85"]
[EventDate "2008.03.29"]


1. d4 f5 2. g3 Nf6 3. Bg2 g6 4. Nh3 Bg7 5. Nf4 Nc6 6. c3 e5 7. dxe5 Nxe5 8. O-O
Qe7 9. Qc2 Qf7 10. b3 O-O 11. c4 d6 12. Nc3 Rb8 13. Be3 b6 14. Rad1 a6 15. Ncd5
Ne4 16. f3 Nc5 17. Bf2 h6 18. h3 g5 19. Nd3 Ne6 20. f4 Nxd3 21. Qxd3 gxf4 22.
Nxf4 Nxf4 23. gxf4 Bb7 24. Bxb7 Rxb7 25. Qd5 Rbb8 26. Kg2 Rbe8 27. Qxf7+ Kxf7
28. Kf3 Bf6 29. b4 Re4 30. c5 bxc5 31. bxc5 Be7 32. cxd6 Bxd6 33. e3 Ra4 34.
Rd2 Rb8 35. Rc1 Rb5 36. h4 Rba5 37. Rcc2 Ra3 38. h5 R5a4 39. Ke2 Ke6 40. Kf1
Rb4 41. Rd1 Rba4 42. Rdd2 Rb4 43. Rd1 1/2-1/2

[Event "Scandinavian open 2008"]
[Site "Valby"]
[Date "2008.03.30"]
[Round "2"]
[White "Danielsen, Henrik"]
[Black "Bejtovic, Jasmin"]
[Result "1-0"]
[WhiteElo "2506"]
[BlackElo "2353"]
[PlyCount "82"]
[EventDate "2008.03.29"]


1. g3 g6 2. Bg2 Bg7 3. c4 Nf6 4. Nc3 O-O 5. e4 d6 6. Nge2 c5 7. O-O Nc6 8. d3
Ne8 9. Be3 Nd4 10. Rb1 a5 11. Bxd4 cxd4 12. Nb5 Qb6 13. Nf4 Nc7 14. Nd5 Nxd5
15. exd5 Bd7 16. a4 Qc5 17. Re1 Bf6 18. h4 Qb4 19. h5 Bxb5 20. axb5 a4 21. Be4
Be5 22. f4 Bf6 23. Re2 a3 24. bxa3 Qxa3 25. Qf1 Qc3 26. g4 Ra3 27. g5 Bg7 28.
f5 Be5 29. Rf2 Rfa8 30. fxg6 Ra1 31. gxh7+ Kh8 32. Kg2 R8a2 33. Rxa1 Rxa1 34.
Qxa1 Qxa1 35. Rxf7 Qa2+ 36. Kf3 Qa8 37. h6 Qc8 38. Bf5 e6 39. dxe6 b6 40. e7
Qa8+ 41. Be4 Bf6 1-0

[Event "Scandinavian open 2008"]
[Site "Valby"]
[Date "2008.03.30"]
[Round "2"]
[White "Hoi, Carsten"]
[Black "Lund, Silas"]
[Result "0-1"]
[WhiteElo "2404"]
[BlackElo "2403"]
[PlyCount "77"]
[EventDate "2008.03.29"]


1. Nf3 e6 2. c4 f5 3. Nc3 Nf6 4. d4 Bb4 5. e3 b6 6. Bd3 Bb7 7. O-O O-O 8. Ne1
Ne4 9. Qc2 d5 10. f3 Nd6 11. b3 c5 12. Bb2 Nd7 13. a3 Ba5 14. Ne2 dxc4 15. bxc4
Qe7 16. Nc1 Bxe1 17. Rxe1 e5 18. d5 e4 19. Be2 exf3 20. Bxf3 Qh4 21. Nd3 Qxc4
22. Qd2 Ne4 23. Bxe4 Qxe4 24. Nf4 Rf7 25. Rad1 Re8 26. h3 h6 27. Qf2 Nf6 28. d6
Nd5 29. Nh5 Kh7 30. Qg3 Rg8 31. Nf4 g5 32. Nxd5 Bxd5 33. Rd2 Bc6 34. Red1 f4
35. Qf3 Qxf3 36. gxf3 fxe3 37. Rd3 Rxf3 38. Be5 e2 39. Bf6 0-1

[Event "Scandinavian open 2008"]
[Site "Valby"]
[Date "2008.03.30"]
[Round "2"]
[White "Semcesen, Daniel"]
[Black "Pedersen, Daniel Vesterbaek"]
[Result "1-0"]
[WhiteElo "2349"]
[BlackElo "2258"]
[PlyCount "119"]
[EventDate "2008.03.29"]


1. c4 e5 2. g3 Nf6 3. Bg2 d5 4. cxd5 Nxd5 5. Nf3 Nc6 6. O-O g6 7. d4 exd4 8.
Nxd4 Nde7 9. Nxc6 Nxc6 10. Bxc6+ bxc6 11. Qc2 Bg7 12. Rd1 Bd7 13. Bd2 O-O 14.
Bc3 Qe7 15. Bxg7 Kxg7 16. Nc3 Rfe8 17. Rd2 h5 18. Qa4 Bh3 19. Qxc6 Rad8 20.
Rad1 Rxd2 21. Rxd2 h4 22. Qd5 hxg3 23. hxg3 c5 24. Nb5 Be6 25. Qe5+ f6 26. Qc3
Bxa2 27. Nd6 Rh8 28. Qxc5 Qd7 29. Ne4 Qb7 30. Qd4 Qe7 31. b4 Be6 32. f3 Rb8 33.
Nc5 Bf7 34. Kf2 Rh8 35. Kg2 Rh5 36. Ne4 Re5 37. g4 Rd5 38. Qc3 Re5 39. g5 fxg5
40. Rd7 Qxd7 41. Qxe5+ Kf8 42. Nxg5 Be8 43. Kg3 Qf5 44. Qxf5+ gxf5 45. Kf4 Bb5
46. Ne6+ Ke7 47. Nd4 Bd7 48. Nxf5+ Ke6 49. e4 Bc8 50. Ke3 Kd7 51. Kd4 Kc7 52.
Ne7 Be6 53. Nd5+ Kd6 54. f4 Bh3 55. f5 Kd7 56. Ne3 Kd6 57. e5+ Kc6 58. Ke4 Kb5
59. Kf4 Kc6 60. Kg3 1-0

[Event "Scandinavian open 2008"]
[Site "Valby"]
[Date "2008.03.30"]
[Round "2"]
[White "Thorgeirsson, Sverrir"]
[Black "Thorfinnsson, Bragi"]
[Result "0-1"]
[WhiteElo "2120"]
[BlackElo "2406"]
[PlyCount "46"]
[EventDate "2008.03.29"]


1. e4 c5 2. c3 g6 3. d4 cxd4 4. cxd4 d5 5. e5 Bg7 6. Nf3 Nc6 7. Bb5 Bg4 8.
Bxc6+ bxc6 9. Nbd2 Qb6 10. Nb3 f6 11. exf6 Nxf6 12. Qd3 Ne4 13. Nfd2 Nd6 14.
Nf1 O-O 15. Ne3 Bc8 16. Bd2 Ba6 17. Qc2 Ne4 18. f3 Nxd2 19. Qxd2 e5 20. dxe5
Rae8 21. O-O-O Bh6 22. Rde1 Rxe5 23. Nd4 Rfe8 0-1

[Event "Scandinavian open 2008"]
[Site "Valby"]
[Date "2008.03.30"]
[Round "2"]
[White "Vaznonis, Vytautas"]
[Black "Brynell, Stellan"]
[Result "1/2-1/2"]
[WhiteElo "2399"]
[BlackElo "2463"]
[PlyCount "60"]
[EventDate "2008.03.29"]


1. d4 d5 2. c4 dxc4 3. Nf3 Nf6 4. e3 e6 5. Bxc4 a6 6. a4 b6 7. O-O Bb7 8. Nc3
Nbd7 9. Qe2 c5 10. Rd1 Qc7 11. e4 cxd4 12. Nxd4 Bc5 13. Bxe6 fxe6 14. Nxe6 Qe5
15. Nxg7+ Kf7 16. Nf5 Rae8 17. b4 Qxf5 18. exf5 Rxe2 19. Nxe2 Bxb4 20. Ba3 a5
21. Bxb4 axb4 22. Rab1 Rg8 23. Nf4 Rg4 24. Rxb4 Bxg2 25. h3 Bxh3+ 26. Kh2 Bg2
27. Rg1 Ne5 28. Rxg2 Nf3+ 29. Kh3 Ng5+ 30. Kh2 Nf3+ 1/2-1/2

[Event "Scandinavian open 2008"]
[Site "Valby"]
[Date "2008.03.30"]
[Round "3"]
[White "Bejtovic, Jasmin"]
[Black "Thorgeirsson, Sverrir"]
[Result "1-0"]
[WhiteElo "2353"]
[BlackElo "2120"]
[PlyCount "58"]
[EventDate "2008.03.29"]


1. e4 e6 2. d4 d5 3. Nc3 Nf6 4. e5 Nfd7 5. f4 c5 6. Nf3 Nc6 7. Be3 a6 8. Qd2 b5
9. a3 Qb6 10. dxc5 Bxc5 11. Bxc5 Nxc5 12. b4 Nd7 13. Ne2 f6 14. Ned4 Nxd4 15.
Qxd4 Qc7 16. Bd3 O-O 17. O-O Nb6 18. Rae1 Bd7 19. f5 exf5 20. e6 Bc6 21. Bxf5
Nc4 22. e7 Rfe8 23. Qh4 g6 24. Qxf6 gxf5 25. Ng5 Nd6 26. Re6 Bb7 27. Rfe1 Qb6+
28. Kf1 Rf8 29. Qh6 Qd8 1-0

[Event "Scandinavian open 2008"]
[Site "Valby"]
[Date "2008.03.30"]
[Round "3"]
[White "Brynell, Stellan"]
[Black "Hoi, Carsten"]
[Result "1-0"]
[WhiteElo "2463"]
[BlackElo "2404"]
[PlyCount "79"]
[EventDate "2008.03.29"]


1. d4 Nf6 2. Nf3 g6 3. c4 Bg7 4. g3 O-O 5. Bg2 d6 6. O-O Nc6 7. Nc3 e5 8. d5
Ne7 9. e4 Nd7 10. Ne1 b6 11. Nd3 Nc5 12. b4 Nxd3 13. Qxd3 a5 14. bxa5 Rxa5 15.
a4 f5 16. Bd2 Ra8 17. f3 f4 18. Nb5 Ba6 19. a5 Qd7 20. axb6 cxb6 21. Bb4 Bxb5
22. cxb5 h5 23. Ra6 g5 24. Qa3 Rxa6 25. bxa6 Ra8 26. Bxd6 Nc8 27. Bb4 g4 28.
Rc1 Na7 29. d6 Kh8 30. Rc7 Qd8 31. Qd3 fxg3 32. hxg3 gxf3 33. Qxf3 Qg5 34. d7
Kg8 35. Qf5 Qd8 36. Qe6+ Kh7 37. Bh3 Qxc7 38. Bf5+ Kh8 39. Qe8+ Bf8 40. Qxh5+
1-0

[Event "Scandinavian open 2008"]
[Site "Valby"]
[Date "2008.03.30"]
[Round "3"]
[White "Lund, Silas"]
[Black "Semcesen, Daniel"]
[Result "1/2-1/2"]
[WhiteElo "2403"]
[BlackElo "2349"]
[PlyCount "81"]
[EventDate "2008.03.29"]


1. d4 f5 2. g3 Nf6 3. Bg2 g6 4. Nh3 Bg7 5. c4 d6 6. d5 Nbd7 7. O-O O-O 8. Qc2
Ne5 9. b3 c5 10. Nc3 a6 11. a4 b6 12. Bd2 Rb8 13. Rfe1 Qe8 14. f4 Neg4 15. Ng5
Bd7 16. h3 Nh6 17. Qd3 Nf7 18. Ne6 Bxe6 19. dxe6 Nd8 20. e4 fxe4 21. Nxe4 Nxe4
22. Bxe4 Nc6 23. h4 Bxa1 24. Rxa1 Nd4 25. h5 gxh5 26. Bc3 Rf6 27. Kg2 Kg7 28.
Bxd4 cxd4 29. Qxd4 Qc8 30. Bd5 Qc5 31. Qc3 a5 32. Rh1 h6 33. Rxh5 Qb4 34. Qxb4
axb4 35. Kf3 Rc8 36. Rh1 Rc5 37. g4 Rf8 38. Ke4 Rcc8 39. Rh5 Rc5 40. Rh2 Rcc8
41. Rh5 1/2-1/2

[Event "Scandinavian open 2008"]
[Site "Valby"]
[Date "2008.03.30"]
[Round "3"]
[White "Pedersen, Daniel Vesterbaek"]
[Black "Vaznonis, Vytautas"]
[Result "1/2-1/2"]
[WhiteElo "2258"]
[BlackElo "2399"]
[PlyCount "75"]
[EventDate "2008.03.29"]


1. e4 e6 2. d4 d5 3. Nc3 Nc6 4. Nf3 Nf6 5. Bg5 Be7 6. e5 Ne4 7. Bxe7 Qxe7 8. a3
Bd7 9. Bd3 Ng5 10. Ng1 f6 11. f4 Nf7 12. Nce2 fxe5 13. dxe5 g5 14. g3 gxf4 15.
gxf4 Qh4+ 16. Kd2 Qh6 17. Ke1 Ne7 18. b4 c5 19. bxc5 Qh4+ 20. Kd2 Qf2 21. Qf1
Qxc5 22. Nf3 O-O-O 23. Qg1 Qa5+ 24. c3 Rhg8 25. Qe3 Nh6 26. Nfd4 Ng4 27. Nb3
Nxe3 28. Nxa5 N7f5 29. Nb3 Rg2 30. Rag1 Rdg8 31. Nbd4 Nxd4 32. Kxe3 Nxe2 33.
Rxg2 Rxg2 34. Bxe2 Bc6 35. Bd3 h5 36. h3 h4 37. f5 exf5 38. Bxf5+ 1/2-1/2

[Event "Scandinavian open 2008"]
[Site "Valby"]
[Date "2008.03.30"]
[Round "3"]
[White "Schandorff, Lars"]
[Black "Mikkelsen, Nikolaj"]
[Result "1/2-1/2"]
[WhiteElo "2526"]
[BlackElo "2390"]
[PlyCount "29"]
[EventDate "2008.03.29"]


1. d4 Nf6 2. Nf3 g6 3. Bg5 d5 4. e3 Bg7 5. Nbd2 Nbd7 6. Be2 O-O 7. O-O c5 8. c3
b6 9. Qb1 Bb7 10. Bd3 Qc8 11. e4 dxe4 12. Nxe4 Nxe4 13. Bxe4 cxd4 14. Nxd4 Nc5
15. Bxb7 1/2-1/2

[Event "Scandinavian open 2008"]
[Site "Valby"]
[Date "2008.03.30"]
[Round "3"]
[White "Thorfinnsson, Bragi"]
[Black "Danielsen, Henrik"]
[Result "0-1"]
[WhiteElo "2406"]
[BlackElo "2506"]
[PlyCount "130"]
[EventDate "2008.03.29"]


1. d4 d6 2. e4 Nf6 3. Nc3 g6 4. Nf3 Bg7 5. Be2 O-O 6. h3 c5 7. dxc5 Qa5 8. O-O
Qxc5 9. Be3 Qa5 10. Qd2 Nc6 11. Bh6 Qb4 12. Bxg7 Kxg7 13. a3 Qa5 14. b4 Qd8 15.
Rad1 Be6 16. Qc1 Qc8 17. Qb2 Kg8 18. Rfe1 Rd8 19. Nd5 Nxe4 20. Bc4 Bxd5 21.
Bxd5 Nf6 22. b5 Ne5 23. Nxe5 dxe5 24. Qxe5 Rxd5 25. Rxd5 Nxd5 26. Qxd5 e6 27.
Qf3 Qc7 28. Rd1 Rc8 29. Qf6 b6 30. c3 h5 31. g4 hxg4 32. hxg4 Qc4 33. Rd4 Qxb5
34. Rf4 Qe8 35. g5 Qf8 36. Ra4 a5 37. Rd4 Qg7 38. Rd8+ Rxd8 39. Qxd8+ Qf8 40.
Qxb6 Qxa3 41. Qd8+ Kh7 42. Qc7 Kg7 43. Qe5+ Kg8 44. c4 Qc1+ 45. Kg2 Qxc4 46.
Qb8+ Kg7 47. Qe5+ Kf8 48. Qb8+ Ke7 49. Qa7+ Ke8 50. Qb8+ Kd7 51. f3 Qc2+ 52.
Kh3 Qf5+ 53. Kh4 Ke7 54. f4 Qc5 55. Qa8 Qb4 56. Kg3 a4 57. Qa7+ Kf8 58. Qd7 Qb2
59. Qxa4 e5 60. fxe5 Qxe5+ 61. Kg4 Qf5+ 62. Kh4 Qf2+ 63. Kg4 Qg2+ 64. Kf4 Qh2+
65. Kf3 Qh3+ 0-1

[Event "Scandinavian open 2008"]
[Site "Valby"]
[Date "2008.03.31"]
[Round "4"]
[White "Danielsen, Henrik"]
[Black "Semcesen, Daniel"]
[Result "1-0"]
[WhiteElo "2506"]
[BlackElo "2349"]
[PlyCount "81"]
[EventDate "2008.03.29"]


1. Nf3 f5 2. b3 Nf6 3. Bb2 g6 4. g3 Bg7 5. Bg2 O-O 6. O-O d6 7. d4 Qe8 8. c4 c6
9. Qc2 Na6 10. Nbd2 h6 11. Rae1 Qf7 12. a3 g5 13. b4 Nc7 14. e3 Be6 15. a4 a6
16. Rc1 Rac8 17. Ne1 f4 18. exf4 gxf4 19. Nef3 Qh5 20. Nh4 Rf7 21. Qg6 fxg3 22.
hxg3 Qxg6 23. Nxg6 Bf5 24. Nh4 Bd7 25. Rfe1 Re8 26. Ba1 b5 27. d5 c5 28. bxc5
dxc5 29. Be5 Rc8 30. cxb5 axb5 31. Rxc5 Nfe8 32. axb5 Nxb5 33. Rxc8 Bxc8 34.
Ng6 Kh7 35. Bxg7 Kxg6 36. Ba1 Nbd6 37. Nf3 Rh7 38. Ne5+ Kg7 39. Bf1 h5 40. Nd7+
Kf7 41. Bd3 1-0

[Event "Scandinavian open 2008"]
[Site "Valby"]
[Date "2008.03.31"]
[Round "4"]
[White "Hoi, Carsten"]
[Black "Thorgeirsson, Sverrir"]
[Result "1/2-1/2"]
[WhiteElo "2404"]
[BlackElo "2120"]
[PlyCount "37"]
[EventDate "2008.03.29"]


1. d4 d5 2. Nf3 Nf6 3. e3 e6 4. Bd3 Bd6 5. b3 Nbd7 6. Bb2 O-O 7. Nbd2 b6 8. Ne5
Bb7 9. Qf3 c5 10. Qh3 h6 11. f4 Qc7 12. O-O Ne4 13. Bxe4 dxe4 14. Nxd7 Qxd7 15.
Rfd1 Qe7 16. Nc4 Bc7 17. dxc5 bxc5 18. Ne5 Rfd8 19. Qg3 1/2-1/2

[Event "Scandinavian open 2008"]
[Site "Valby"]
[Date "2008.03.31"]
[Round "4"]
[White "Mikkelsen, Nikolaj"]
[Black "Lund, Silas"]
[Result "1-0"]
[WhiteElo "2390"]
[BlackElo "2403"]
[PlyCount "97"]
[EventDate "2008.03.29"]


1. e4 e5 2. Nf3 Nc6 3. Bb5 Nf6 4. O-O Nxe4 5. d4 Nd6 6. Bxc6 dxc6 7. dxe5 Nf5
8. Qxd8+ Kxd8 9. Nc3 Ke8 10. h3 a5 11. a3 a4 12. Re1 Ne7 13. e6 Bxe6 14. Bf4
Kd7 15. Rad1+ Nd5 16. Nxd5 cxd5 17. c4 Ra5 18. Bd2 Rc5 19. Bb4 Rxc4 20. Ne5+
Kc8 21. Bxf8 Rxf8 22. Nxc4 dxc4 23. f4 g6 24. Kf2 h5 25. Re5 b6 26. Kg3 c6 27.
Rd2 Kc7 28. Kf3 b5 29. Ke3 h4 30. Rd4 Rg8 31. Kd2 Bd5 32. Kc3 Kd6 33. Rd2 f6
34. Re3 Kc5 35. g3 g5 36. fxg5 fxg5 37. gxh4 gxh4 38. Rd4 Rg3 39. Rxg3 hxg3 40.
Rg4 g2 41. h4 Kb6 42. Kd4 Bf3 43. Rg6 Ka6 44. Rg5 Kb6 45. Ke3 Bd5 46. h5 b4 47.
Kd2 c3+ 48. Kc1 Be4 49. axb4 1-0

[Event "Scandinavian open 2008"]
[Site "Valby"]
[Date "2008.03.31"]
[Round "4"]
[White "Smith, Axel"]
[Black "Schandorff, Lars"]
[Result "0-1"]
[WhiteElo "2458"]
[BlackElo "2526"]
[PlyCount "112"]
[EventDate "2008.03.29"]


1. e4 e5 2. Nf3 Nc6 3. Bb5 a6 4. Ba4 Nf6 5. O-O Be7 6. Re1 b5 7. Bb3 d6 8. c3
O-O 9. h3 Na5 10. Bc2 c5 11. d4 Qc7 12. Nbd2 cxd4 13. cxd4 Nc6 14. Nb3 a5 15.
Be3 a4 16. Nbd2 Bd7 17. Rc1 Qb7 18. Qe2 Rfe8 19. Bd3 Rab8 20. Rc3 exd4 21. Nxd4
Ne5 22. Bb1 Bd8 23. Bg5 h6 24. Bh4 Qa7 25. N4f3 Nd5 26. Rcc1 Nf4 27. Qf1 Bxh4
28. Nxh4 Qd4 29. Ndf3 Qxb2 30. Nxe5 dxe5 31. Rc2 Qa3 32. Nf5 Be6 33. g3 Ng6 34.
Re3 Qf8 35. Qc1 Red8 36. Rc7 b4 37. h4 h5 38. Ra7 Rbc8 39. Qe1 b3 40. axb3 axb3
41. Kg2 Qc5 42. Rb7 Rb8 43. Rd3 Qc8 44. Rxd8+ Qxd8 45. Rxb8 Qxb8 46. Qd1 Qc7
47. Qxh5 Qc1 48. Bd3 Bc4 49. Qe2 b2 50. Bxc4 b1=Q 51. Kh3 Qh1+ 52. Kg4 Qbxe4+
53. Qxe4 Qxe4+ 54. Kg5 Qxc4 55. h5 f6+ 56. Kxg6 Qg4# 0-1

[Event "Scandinavian open 2008"]
[Site "Valby"]
[Date "2008.04.01"]
[Round "5"]
[White "Bejtovic, Jasmin"]
[Black "Hoi, Carsten"]
[Result "1/2-1/2"]
[WhiteElo "2353"]
[BlackElo "2404"]
[PlyCount "47"]
[EventDate "2008.03.29"]


1. e4 Nc6 2. d4 e5 3. Nf3 exd4 4. Nxd4 g6 5. Nxc6 bxc6 6. Qd4 Qf6 7. e5 Qe7 8.
Nc3 Bg7 9. Bf4 f6 10. e6 f5 11. Qc4 Qxe6+ 12. Qxe6+ dxe6 13. O-O-O Ne7 14. Bxc7
Nd5 15. Nxd5 cxd5 16. Bb5+ Bd7 17. Ba6 Bc6 18. Rhe1 Kd7 19. Be5 Bxe5 20. Rxe5
g5 21. Rde1 Rhe8 22. Kd2 Rab8 23. b3 Kd6 24. Bd3 1/2-1/2

[Event "Scandinavian open 2008"]
[Site "Valby"]
[Date "2008.04.01"]
[Round "5"]
[White "Lund, Silas"]
[Black "Vaznonis, Vytautas"]
[Result "0-1"]
[WhiteElo "2403"]
[BlackElo "2399"]
[PlyCount "67"]
[EventDate "2008.03.29"]


1. d4 d5 2. c4 c6 3. Nf3 Nf6 4. e3 Bf5 5. Nc3 e6 6. Nh4 Bg6 7. Nxg6 hxg6 8. g3
Nbd7 9. Qb3 Qc7 10. Bd2 Be7 11. Rc1 Nb6 12. cxd5 exd5 13. Bd3 Qd7 14. f3 Bd6
15. Kf2 g5 16. a4 g4 17. f4 Bc7 18. a5 Nc4 19. Bxc4 dxc4 20. Qxc4 Bxa5 21. b4
Bb6 22. Qd3 Kf8 23. Kg2 Rh5 24. Rhd1 Re8 25. Kg1 Kg8 26. Be1 Qe7 27. Bf2 Qxb4
28. e4 Ra5 29. Be1 Ra3 30. e5 Rd8 31. Ne2 Qxe1+ 32. Rxe1 Rxd3 33. exf6 gxf6 34.
Kg2 0-1

[Event "Scandinavian open 2008"]
[Site "Valby"]
[Date "2008.04.01"]
[Round "5"]
[White "Semcesen, Daniel"]
[Black "Smith, Axel"]
[Result "0-1"]
[WhiteElo "2349"]
[BlackElo "2458"]
[PlyCount "126"]
[EventDate "2008.03.29"]


1. d4 d5 2. Nf3 c6 3. c4 e6 4. Qc2 Nf6 5. Bg5 h6 6. Bh4 dxc4 7. Qxc4 b5 8. Qc2
Bb7 9. e3 Nbd7 10. Nbd2 Rc8 11. a4 a6 12. Be2 c5 13. d5 exd5 14. axb5 axb5 15.
Bxb5 Bd6 16. Bxf6 Qxf6 17. Ra7 Rc7 18. Qa4 Qe7 19. Ra8+ Bc8 20. Qa2 O-O 21. O-O
g5 22. Rd1 Nb6 23. Ra5 Kg7 24. Nf1 h5 25. Be2 Be6 26. Qb3 Nd7 27. Qc3+ Kh6 28.
Ra6 f6 29. Bc4 Nb8 30. Rxd6 Qxd6 31. Bxd5 Bxd5 32. e4 Qf4 33. exd5 Nd7 34. d6
Ra7 35. Ne3 Rfa8 36. b3 Ne5 37. Nd2 Ng4 38. Nxg4+ hxg4 39. Nf1 Qe5 40. Qd3 Ra1
41. Rxa1 Qxa1 42. Qe4 Ra7 43. Qe8 Qd1 44. Qh8+ Kg6 45. Qe8+ Kh6 46. Qh8+ Kg6
47. Qe8+ Kg7 48. Qe6 Qd3 49. h3 gxh3 50. Ng3 h2+ 51. Kxh2 Qh7+ 52. Kg1 Ra1+ 53.
Nf1 Qd3 54. Qe7+ Kg6 55. Qe8+ Kg7 56. Qe7+ Kg6 57. Qe8+ Kf5 58. Qc8+ Kf4 59.
g3+ Kf3 60. Qc6+ Ke2 61. Qe8+ Kf3 62. Qc6+ Qe4 63. Qb5 c4 0-1

[Event "Scandinavian open 2008"]
[Site "Valby"]
[Date "2008.04.01"]
[Round "5"]
[White "Thorgeirsson, Sverrir"]
[Black "Pedersen, Daniel Vesterbaek"]
[Result "0-1"]
[WhiteElo "2120"]
[BlackElo "2258"]
[PlyCount "116"]
[EventDate "2008.03.29"]


1. e4 e5 2. Nf3 Nc6 3. Bb5 a6 4. Bxc6 dxc6 5. O-O Bd6 6. d4 exd4 7. Nxd4 Ne7 8.
Be3 O-O 9. f4 f5 10. e5 Nd5 11. Bf2 Bc5 12. Qf3 Bxd4 13. Bxd4 Be6 14. Bc5 Rf7
15. c4 Nb6 16. Bxb6 cxb6 17. Rd1 Rd7 18. Nc3 Bxc4 19. Rxd7 Qxd7 20. Rd1 Qe7 21.
Rd4 Be6 22. Qd1 b5 23. Rd6 Re8 24. Ne2 g6 25. Nd4 Bd5 26. a4 Rd8 27. Rxd8+ Qxd8
28. axb5 axb5 29. Nf3 Qb6+ 30. Qd4 Qxd4+ 31. Nxd4 b4 32. Kf2 c5 33. Nb5 Kf7 34.
g3 Bc6 35. Nd6+ Ke6 36. Ke3 Kd5 37. Kd3 b5 38. Ke3 c4 39. Nc8 Kc5 40. Nd6 b3
41. Kd2 b4 42. Nf7 c3+ 43. Kc1 Bd5 44. Ng5 Bg8 45. Kb1 Kd5 46. Kc1 h6 47. Nf3
Ke4 48. Nh4 Bf7 49. Ng2 Kf3 50. Ne1+ Ke2 51. Ng2 Kf2 52. Nh4 Kg1 53. h3 h5 54.
g4 hxg4 55. hxg4 fxg4 56. f5 gxf5 57. Nxf5 Kf2 58. Nd6 g3 0-1